| 000 | 00534nam a22001817a 4500 | ||
|---|---|---|---|
| 008 | 230704b |||||||| |||| 00| 0 eng d | ||
| 020 | _a8170553474 | ||
| 040 |
_aNational Science Library _cNational Science Library |
||
| 080 |
_a82-311.8 _bN9 |
||
| 100 | _aBharti, Dharamveer | ||
| 245 |
_aयात्रा चक्र _c/ धर्मवीर भारती |
||
| 246 | _aYatra chakra | ||
| 260 |
_aDelhi: _bVani Prakashan, _c1999 |
||
| 300 | _a396p. | ||
| 365 |
_b295.00 _cINR |
||
| 650 | _aHindi poem | ||
| 942 |
_2udc _cHBK |
||
| 999 |
_c49015 _d49015 |
||